Csempészek, katonák meg egy cigánylány

Elmentve itt :
Bibliográfiai részletek
Szerző: Domonkos László
Dokumentumtípus: Cikk
Megjelent: 1980-08-09
Sorozat:Délmagyarország 70 No. 186
Kulcsszavak:Szabadtéri Játékok
Online Access:http://dmarchiv.bibl.u-szeged.hu/123193
LEADER 00476nab a2200157 i 4500
001 delm123193
005 20190531110704.0
008 190531s1980 hu o 0|| hun d
040 |a SZTE Délmagyarország Archívum  |b hun 
041 |a hun 
100 1 |a Domonkos László 
245 1 0 |a Csempészek, katonák meg egy cigánylány  |h [elektronikus dokumentum] /  |c  Domonkos László 
260 |c 1980-08-09 
300 |a 5 
490 0 |a Délmagyarország  |v 70 No. 186 
695 |a Szabadtéri Játékok